000 00668nam a2200241 a 4500
001 60062
003 BD-RjUL
005 20211209080812.0
008 161228s2000 ii b 001 0 eng
020 _a8176482145
035 _a(BD-RjUL)60186
040 _aDLC
_cDLC
_dDLC
_beng
041 _aeng
082 0 0 _a363.7
_220
_bNAE 2000
100 _aNarayan, B.
_9176402
245 1 0 _aEnvironment management /
_cB. Narayan
260 _aNew Delhi :
_bAshish Pub. House,
_c2000
300 _a318 p. ;
_c21 cm.
504 _aIncludes bibliographical references.
650 0 _aEnvironmental protection
_9170273
942 _2ddc
_cBK
999 _c60062
_d60062